Principaux partis politiques français - 31/12/2024 - Statistiques

Statistiques générales
  • Ce quiz a été pris 31 fois
  • Le résultat moyen est 9 sur 18
Statistiques - réponses
Par images Réponse % Correct
Les Républicains
96%
La France Insoumise
88%
Rassemblement National
81%
Europe Ecologie les Verts
77%
Parti Socialiste
73%
Reconquête
73%
Renaissance
65%
Parti Communiste français
62%
Lutte Ouvrière
54%
Mouvement Démocrate
50%
Résistons
42%
Debout la France
35%
Horizons
31%
Parti Radical
31%
Union des Droites pour la République
19%
Ecologie au centre
8%
Place Publique
8%
Mouvement Conservateur
4%
Aucun quiz correspondant
Distribution des résultats
% des personnes avec chaque résultat
Percentile par nombre de réponses
Votre historique - résultats
Vous n’avez pas pris ce quiz